LEADER 02753oam 22008054a 450 001 9910456856303321 005 20211004152648.0 010 $a1-57506-527-4 035 $a(CKB)2550000000041282 035 $a(OCoLC)747411995 035 $a(CaPaEBR)ebrary10483329 035 $a(SSID)ssj0000541013 035 $a(PQKBManifestationID)12252557 035 $a(PQKBTitleCode)TC0000541013 035 $a(PQKBWorkID)10498741 035 $a(PQKB)10439607 035 $a(MiAaPQ)EBC3155481 035 $a(Au-PeEL)EBL3155481 035 $a(CaPaEBR)ebr10483329 035 $a(OCoLC)922991459 035 $a(OCoLC)1261020857 035 $a(MdBmJHUP)musev2_80892 035 $a(EXLCZ)992550000000041282 100 $a20010507d2002 uy 0 101 0 $aeng 135 $aurcn||||||||| 181 $ctxt 182 $cc 183 $acr 200 00$aSacred Time, Sacred Place$eArchaeology and the Religion of Israel /$fedited by Barry M. Gittlen 210 1$aWinona Lake, Ind. :$cEisenbrauns,$d2002. 210 4$d©2002. 215 $a1 online resource (242 p.) 300 $aTRAITEMENT SOMMAIRE. 300 $aTitre de l'ecran-titre (visionne le 7 fevr. 2014). 311 $a1-57506-054-X 320 $aIncludes bibliographical references and indexes. 327 $apt. 1. Charting the course : the relationship between text and artifact -- pt. 2. Prayers in clay : a multidisciplinary approach to figurines -- pt. 3. The mythology of sacred space : structure and structuralism -- pt. 4. Death in the life of Israel. 606 $aReligion$2fast$3(OCoLC)fst01093763 606 $aJudaism$2fast$3(OCoLC)fst00984280 606 $aJews$2fast$3(OCoLC)fst00983135 606 $aAuthority$xReligious aspects$2fast$3(OCoLC)fst00821658 606 $aArchaeology and religion$2fast$3(OCoLC)fst00813007 606 $aAntiquities$2fast$3(OCoLC)fst00810745 606 $aJews$xHistory$yTo 70 A.D 606 $aJudaism$xHistory$yTo 70 A.D 606 $aArchaeology and religion 607 $aMiddle East$2fast 607 $aMiddle East$xAntiquities 607 $aMiddle East$xReligion 608 $aHistory. 608 $aLivres electroniques. 608 $aElectronic books. 615 0$aReligion. 615 0$aJudaism. 615 0$aJews. 615 0$aAuthority$xReligious aspects. 615 0$aArchaeology and religion. 615 0$aAntiquities. 615 0$aJews$xHistory 615 0$aJudaism$xHistory 615 0$aArchaeology and religion. 676 $a221.9/3 701 $aGittlen$b Barry M$0936133 801 0$bMdBmJHUP 801 1$bMdBmJHUP 906 $aBOOK 912 $a9910456856303321 996 $aSacred time, sacred place$92108838 997 $aUNINA LEADER 01141nam a22002531i 4500 001 991002272929707536 005 20040310171245.0 008 040407s2000 uik|||||||||||||||||eng 035 $ab12897450-39ule_inst 035 $aARCHE-087707$9ExL 040 $aDip.to Filologia Class. e Scienze Filosofiche$bita$cA.t.i. Arché s.c.r.l. Pandora Sicilia s.r.l. 082 04$a189 245 00$aAvicenna's De anima in the latin West :$bthe formation of a peripatetic philosophy of the soul, 1160-1300 /$cDag Nikolaus Hasse 260 $aLondon :$bThe Warburg Institute,$c2000 300 $aX, 350 p. ;$c24 cm 440 0$aWarburg Institute studies and texts ;$v1 600 04$aAvicenna.$tDe anima$xDiffusione e fortuna 700 1 $aHasse, Dag Nikolaus$eauthor$4http://id.loc.gov/vocabulary/relators/aut$0734177 907 $a.b12897450$b02-04-14$c16-04-04 912 $a991002272929707536 945 $aLE007 189 HAS 02.01$g1$i2007000068908$lle007$o-$pE0.00$q-$rl$s- $t0$u18$v16$w18$x0$y.i13462301$z16-04-04 996 $aAvicenna's De anima in the latin West$91448837 997 $aUNISALENTO 998 $ale007$b16-04-04$cm$da $e-$feng$guik$h0$i1